[Event "Newcastle Northumbria Masters GM"]
[Site "Newcastle on Tyne"]
[Date "2023.08.26"]
[Round "5"]
[White "Tanmay, Chopra"]
[Black "Willow, Jonah B"]
[Result "1/2-1/2"]
[WhiteElo "2377"]
[BlackElo "2414"]
[PlyCount "63"]
[EventDate "2023.08.24"]
[EventType "schev"]
[EventRounds "9"]
[EventCountry "ENG"]
[SourceTitle "EXT 2024"]
[Source "ChessBase"]
[SourceDate "2023.10.10"]
[SourceVersion "1"]
[SourceVersionDate "2023.10.10"]
[SourceQuality "1"]
[WhiteTeam "ENG FMs"]
[BlackTeam "ENG IMs"]
[WhiteTeamCountry "ENG"]
[BlackTeamCountry "ENG"]

1. d4 Nf6 2. c4 e6 3. Nc3 Bb4 4. e3 c5 5. Nge2 cxd4 6. exd4 d5 7. a3 Bxc3+ 8. Nxc3 0-0 9. c5 b6 10. b4 bxc5 11. dxc5 a6 12. Be2 Bb7 13. 0-0 Qc7 14. Bg5 Qe5 15. Qd2 Nc6 16. f4 Qc7 17. Bd3 d4 18. Bxf6 gxf6 19. Ne4 f5 20. Nd6 Rfd8 21. Qf2 Rxd6 22. cxd6 Qxd6 23. Qh4 Ne7 24. Qh5 Kf8 25. Rac1 Rc8 26. Rxc8+ Nxc8 27. Rd1 Ne7 28. Bf1 Nd5 29. Qh6+ Kg8 30. Qg5+ Kf8 31. Qh6+ Kg8 32. Qg5+ 1/2-1/2

[Event "Fagernes op-A"]
[Site "Fagernes"]
[Date "2023.04.07"]
[Round "7"]
[White "Raja, Rithvik R"]
[Black "Tanmay, Chopra"]
[Result "1-0"]
[WhiteElo "2472"]
[BlackElo "2351"]
[PlyCount "89"]
[EventDate "2023.04.02"]
[EventType "swiss"]
[EventRounds "9"]
[EventCountry "NOR"]
[SourceTitle "CBM 213 Extra"]
[Source "ChessBase"]
[SourceDate "2023.05.31"]
[SourceVersion "1"]
[SourceVersionDate "2023.05.31"]
[SourceQuality "1"]

1. d4 Nf6 2. c4 e6 3. Nf3 d5 4. Nc3 c6 5. Qd3 dxc4 6. Qxc4 b5 7. Qd3 Nbd7 8. e4 b4 9. Na4 Bb7 10. Be3 Qa5 11. b3 Rc8 12. Nd2 Be7 13. Nc4 Qc7 14. f3 0-0 15. Qd2 Nb6 16. Nc5 Nxc4 17. Bxc4 Bxc5 18. dxc5 a5 19. Qd6 Ne8 20. Qxc7 Nxc7 21. 0-0-0 Rfd8 22. Bg5 Rxd1+ 23. Rxd1 f6 24. Bf4 Ba6 25. Bxc7 Bxc4 26. Bxa5 Be2 27. Rd2 Bf1 28. Bxb4 f5 29. exf5 exf5 30. Bc3 Rc7 31. Be5 Rb7 32. Kb2 Kf7 33. f4 Bc4 34. Rd8 Bd5 35. g3 g6 36. Kc3 Ke7 37. Ra8 Ke6 38. b4 Bg2 39. a4 Kd5 40. a5 Bf1 41. a6 Rd7 42. a7 Ba6 43. Bd6 Bb5 44. Re8 Rxa7 45. Re5# 1-0

[Event "Fagernes op-A"]
[Site "Fagernes"]
[Date "2023.04.03"]
[Round "2"]
[White "Tanmay, Chopra"]
[Black "Sammed Jaykumar, Shete"]
[Result "1-0"]
[WhiteElo "2351"]
[BlackElo "2454"]
[PlyCount "99"]
[EventDate "2023.04.02"]
[EventType "swiss"]
[EventRounds "9"]
[EventCountry "NOR"]
[SourceTitle "CBM 213 Extra"]
[Source "ChessBase"]
[SourceDate "2023.05.31"]
[SourceVersion "1"]
[SourceVersionDate "2023.05.31"]
[SourceQuality "1"]

1. d4 Nf6 2. c4 g6 3. Nc3 Bg7 4. e4 d6 5. Be2 Nbd7 6. Be3 e5 7. d5 Nc5 8. Qc2 a5 9. h4 h5 10. f3 Bh6 11. Bxh6 Rxh6 12. Qd2 Rh8 13. 0-0-0 a4 14. Nh3 Kf8 15. Nf2 Kg7 16. g4 Bd7 17. g5 Nh7 18. Rdg1 f6 19. gxf6+ Qxf6 20. f4 Rhg8 21. Bxh5 Kh8 22. Bg4 exf4 23. e5 Qxe5 24. Bxd7 Nxd7 25. Nd3 Qf5 26. Nxf4 Ne5 27. Rf1 Raf8 28. Qe2 Rf7 29. Ne6 Nd3+ 30. Kd2 Nf2 31. Nd1 Nxh1 32. Rxf5 gxf5 33. Qh5 Rg2+ 34. Kc1 Kg8 35. Ne3 Rg1+ 36. Kc2 Nf6 37. Qh6 Ne4 38. Ng5 Nxg5 39. hxg5 Rg7 40. Qe6+ Kh7 41. Qh6+ Kg8 42. Qe6+ Kh7 43. Qxf5+ Kh8 44. Ng4 Rg2+ 45. Kc3 Ng3 46. Qf3 Rg1 47. Kb4 Nh5 48. Qf8+ Kh7 49. Qf5+ Kg8 50. g6 1-0

[Event "SWE-ch Blitz"]
[Site "Stockholm"]
[Date "2023.01.01"]
[Round "12"]
[White "Rakshitta, Ravi"]
[Black "Tanmay, Chopra"]
[Result "1-0"]
[WhiteElo "2246"]
[BlackElo "2329"]
[PlyCount "69"]
[EventDate "2023.01.01"]
[EventType "swiss (blitz)"]
[EventRounds "13"]
[EventCountry "SWE"]
[SourceTitle "CBM 211 Extra"]
[Source "ChessBase"]
[SourceDate "2023.01.31"]
[SourceVersion "1"]
[SourceVersionDate "2023.01.31"]
[SourceQuality "1"]

1. e4 e6 2. d4 d5 3. Nc3 Nf6 4. e5 Nfd7 5. Nce2 c5 6. c3 Nc6 7. Nf3 a5 8. h4 a4 9. a3 Be7 10. Nf4 Nf8 11. Bd3 Ng6 12. h5 Nxf4 13. Bxf4 h6 14. Be3 cxd4 15. cxd4 Qb6 16. Qe2 Bd7 17. 0-0 Na7 18. Ne1 Bb5 19. f4 Bxd3 20. Nxd3 Nc6 21. f5 Bg5 22. fxe6 fxe6 23. Nc5 Bxe3+ 24. Qxe3 0-0-0 25. Nxe6 Rde8 26. Nc5 Qxb2 27. Rfd1 Qc2 28. Rac1 Qf5 29. Qc3 Rhf8 30. Rf1 Qg4 31. Rxf8 Rxf8 32. Nxb7 Qd7 33. Nd6+ Kc7 34. Qa5+ Kb8 35. Rb1+ 1-0

[Event "SWE-ch Blitz"]
[Site "Stockholm"]
[Date "2023.01.01"]
[Round "11"]
[White "Tanmay, Chopra"]
[Black "Willow, Jonah B"]
[Result "1/2-1/2"]
[WhiteElo "2329"]
[BlackElo "2431"]
[PlyCount "63"]
[EventDate "2023.01.01"]
[EventType "swiss (blitz)"]
[EventRounds "13"]
[EventCountry "SWE"]
[SourceTitle "CBM 211 Extra"]
[Source "ChessBase"]
[SourceDate "2023.01.31"]
[SourceVersion "1"]
[SourceVersionDate "2023.01.31"]
[SourceQuality "1"]

1. Nf3 d5 2. c4 d4 3. e3 Nc6 4. a3 a5 5. d3 e5 6. e4 Be7 7. g3 Nf6 8. Bg2 0-0 9. 0-0 Nd7 10. Ne1 Nc5 11. b3 Be6 12. Nd2 f6 13. Rb1 Na6 14. f4 Qd7 15. Ndf3 Rab8 16. f5 Bf7 17. g4 b5 18. Bd2 bxc4 19. bxc4 Bxa3 20. Rxb8 Rxb8 21. g5 Nc5 22. g6 hxg6 23. fxg6 Bxg6 24. Nh4 Bh7 25. Nf5 Ne7 26. Qg4 Nxf5 27. exf5 c6 28. Bxa5 Bb4 29. Bxb4 Rxb4 30. Be4 Rb2 31. Qf3 Rb6 32. h4 1/2-1/2

[Event "Rilton Cup 50th"]
[Site "Stockholm"]
[Date "2022.12.30"]
[Round "4"]
[White "Tanmay, Chopra"]
[Black "Koelle, Tobias"]
[Result "0-1"]
[WhiteElo "2329"]
[BlackElo "2439"]
[PlyCount "100"]
[EventDate "2022.12.27"]
[EventType "swiss"]
[EventRounds "9"]
[EventCountry "SWE"]
[SourceTitle "CBM 212 Extra"]
[Source "ChessBase"]
[SourceDate "2023.03.31"]
[SourceVersion "1"]
[SourceVersionDate "2023.03.31"]
[SourceQuality "1"]

1. e4 c5 2. Nf3 Nc6 3. Bb5 e6 4. Bxc6 bxc6 5. d3 d6 6. e5 Ne7 7. exd6 Nf5 8. Nbd2 Bxd6 9. Nc4 Be7 10. 0-0 0-0 11. Nfd2 f6 12. f4 Re8 13. Kh1 Ba6 14. b3 Qc7 15. Bb2 Rad8 16. Qe2 Bf8 17. Rae1 Nd4 18. Qd1 Rd5 19. Re3 Qf7 20. Rg3 Rh5 21. Ne4 Rd5 22. Ne3 Rdd8 23. f5 exf5 24. Bxd4 cxd4 25. Nxf5 Kh8 26. Qf3 g6 27. Nh4 Bg7 28. Rh3 Kg8 29. Qf2 Qe7 30. g4 Bc8 31. Nxg6 hxg6 32. Qh4 Be6 33. Rxf6 Bxf6 34. Nxf6+ Kg7 35. Nxe8+ Qxe8 36. Qh6+ Kf7 37. Qh7+ Kf6 38. Rf3+ Ke5 39. Qc7+ Kd5 40. Rf4 Qd7 41. Qa5+ c5 42. b4 Ke5 43. Re4+ Kf6 44. g5+ Kf7 45. Rf4+ Kg8 46. Qxc5 Bd5+ 47. Kg1 Qh3 48. Rf8+ Rxf8 49. Qxd5+ Rf7 50. Qd8+ Kh7 0-1

[Event "Dubai op 22nd"]
[Site "Dubai"]
[Date "2022.08.31"]
[Round "5"]
[White "Tanmay, Chopra"]
[Black "Md Imran"]
[Result "1-0"]
[WhiteElo "2337"]
[BlackElo "2063"]
[PlyCount "127"]
[EventDate "2022.08.27"]
[EventType "swiss"]
[EventRounds "9"]
[EventCountry "UAE"]
[SourceTitle "CBM 210 Extra"]
[Source "ChessBase"]
[SourceDate "2022.11.30"]
[SourceVersion "1"]
[SourceVersionDate "2022.11.30"]
[SourceQuality "1"]

1. d4 d5 2. c4 e6 3. Nf3 Nf6 4. Nc3 c6 5. e3 Nbd7 6. Bd3 dxc4 7. Bxc4 b5 8. Bd3 a6 9. e4 c5 10. d5 c4 11. Bc2 e5 12. 0-0 Bd6 13. Ne2 0-0 14. Ng3 Re8 15. h3 Nc5 16. b4 cxb3 17. axb3 Bd7 18. Re1 h6 19. Nh2 a5 20. Bd2 b4 21. Re3 Bf8 22. Rf3 Ra6 23. Qe2 Kh7 24. Bxb4 axb4 25. Rxa6 Nxa6 26. Qxa6 Qc7 27. Bd3 Qc1+ 28. Nhf1 Qa3 29. Qb7 Qa8 30. Qc7 Qc8 31. Qxc8 Rxc8 32. Bc4 Kg8 33. Rd3 h5 34. Nd2 g6 35. Ngf1 Bc5 36. Ne3 Ne8 37. Nf3 f6 38. Rd1 Nd6 39. Nd2 f5 40. exf5 gxf5 41. Nc2 Kf7 42. Kf1 Kf6 43. Be2 h4 44. Nc4 Ne4 45. N2e3 Bd4 46. Bd3 Nc3 47. Ra1 e4 48. Ra6+ Kg5 49. Be2 f4 50. Nc2 Bf6 51. Nd6 Rf8 52. Bc4 Be5 53. Ra7 Bxh3 54. Nf7+ Rxf7 55. Rxf7 Bg4 56. Rf8 Bd1 57. Nxb4 Bd6 58. Rg8+ Kf6 59. Nc6 Bh5 60. Rd8 Bc5 61. d6 e3 62. Rf8+ Kg7 63. Rg8+ Kh7 64. d7 1-0

[Event "Abu Dhabi Masters 28th"]
[Site "Abu Dhabi"]
[Date "2022.08.24"]
[Round "8"]
[White "Aradhya, Garg"]
[Black "Tanmay, Chopra"]
[Result "1-0"]
[WhiteElo "2240"]
[BlackElo "2337"]
[PlyCount "59"]
[EventDate "2022.08.17"]
[EventType "swiss"]
[EventRounds "9"]
[EventCountry "UAE"]
[SourceTitle "CBM 209 Extra"]
[Source "ChessBase"]
[SourceDate "2022.09.30"]
[SourceVersion "1"]
[SourceVersionDate "2022.09.30"]
[SourceQuality "1"]

1. d4 Nf6 2. c4 e6 3. Nc3 Bb4 4. e3 0-0 5. Bd2 d5 6. Nf3 b6 7. cxd5 exd5 8. Bd3 Bb7 9. Qc2 Be7 10. g4 Bb4 11. g5 Bxc3 12. Bxc3 Ne4 13. 0-0-0 Nd7 14. h4 Qe7 15. h5 f6 16. g6 h6 17. Nh4 Rfc8 18. Bxe4 Qxe4 19. Qxe4 dxe4 20. Nf5 Re8 21. b3 a5 22. Kb2 Bd5 23. Rh4 b5 24. Rc1 Ra7 25. Bxa5 c5 26. Be1 b4 27. Rc2 cxd4 28. exd4 e3 29. Nxe3 Be4 30. Rxe4 1-0

[Event "Abu Dhabi Masters 28th"]
[Site "Abu Dhabi"]
[Date "2022.08.20"]
[Round "5"]
[White "Tanmay, Chopra"]
[Black "Hovhannisyan, Robert"]
[Result "0-1"]
[WhiteElo "2337"]
[BlackElo "2599"]
[PlyCount "94"]
[EventDate "2022.08.17"]
[EventType "swiss"]
[EventRounds "9"]
[EventCountry "UAE"]
[SourceTitle "CBM 209 Extra"]
[Source "ChessBase"]
[SourceDate "2022.09.30"]
[SourceVersion "1"]
[SourceVersionDate "2022.09.30"]
[SourceQuality "1"]

1. d4 Nf6 2. c4 e6 3. Nf3 Bb4+ 4. Nbd2 0-0 5. a3 Be7 6. e3 c5 7. dxc5 a5 8. e4 Nc6 9. e5 Ng4 10. Ne4 Ngxe5 11. Nxe5 Nxe5 12. f4 f5 13. Nd6 Nf7 14. Be3 Qc7 15. Nb5 Qc6 16. Qf3 Ra6 17. Rd1 Bxc5 18. Qxc6 Rxc6 19. Bxc5 Rxc5 20. b4 axb4 21. axb4 Rc6 22. c5 Ra6 23. Be2 Ra4 24. Rd4 Ra1+ 25. Bd1 b6 26. cxb6 d5 27. Nc3 Bd7 28. 0-0 Rb8 29. Be2 Ra3 30. Rf3 Rxb6 31. Re3 Nd6 32. Kf2 Ra8 33. Bf3 Rab8 34. Nxd5 exd5 35. Rxd5 Ba4 36. Red3 Ne4+ 37. Ke3 Re8 38. R3d4 Rc6 39. Bxe4 fxe4 40. Rxe4 Rxe4+ 41. Kxe4 Rc4+ 42. Ke5 Rxb4 43. Rd2 g6 44. g3 Kf7 45. Ra2 Bc6 46. Ra7+ Bb7 47. h3 Ke7 0-1

[Event "BCF-chT 2122 (4NCL)"]
[Site "England"]
[Date "2022.05.01"]
[Round "9.22"]
[White "Toma, Katarzyna"]
[Black "Tanmay, Chopra"]
[Result "0-1"]
[WhiteElo "2279"]
[BlackElo "2313"]
[PlyCount "98"]
[EventDate "2021.11.27"]
[EventType "team-swiss"]
[EventRounds "11"]
[EventCountry "ENG"]
[SourceTitle "EXT 2023"]
[Source "ChessBase"]
[SourceDate "2022.10.05"]
[SourceVersion "1"]
[SourceVersionDate "2022.10.05"]
[SourceQuality "1"]
[WhiteTeam "Wood Green"]
[BlackTeam "Cambridge University"]
[WhiteTeamCountry "ENG"]
[BlackTeamCountry "ENG"]

1. e4 c5 2. Nf3 d6 3. d4 cxd4 4. Nxd4 Nf6 5. Nc3 a6 6. Be2 e5 7. Nb3 Be7 8. 0-0 0-0 9. Re1 Be6 10. Bf3 Nbd7 11. a4 Qc7 12. Be3 h6 13. a5 b5 14. axb6 Nxb6 15. Na5 Nc4 16. Nxc4 Bxc4 17. Bd2 Bd8 18. b3 Be6 19. Qe2 Qc6 20. Qd3 Bb6 21. Na4 Bd4 22. Ra2 Rfd8 23. c4 Nd7 24. Bd1 Nc5 25. Qf3 Rab8 26. Ra3 Rb7 27. Bc2 Rdb8 28. h3 Rf8 29. Qg3 f5 30. Nxc5 f4 31. Qf3 Bxc5 32. Ra2 g5 33. Bd1 Rg7 34. Qd3 Qc8 35. Kf1 g4 36. hxg4 Bxg4 37. Bf3 Bxf3 38. Qxf3 Rg3 39. Qh5 Rg7 40. Bc3 Kh7 41. Rb1 Rg5 42. Qf3 Rg3 43. fxg3 fxg3 44. Qxf8 Qxf8+ 45. Ke1 Qf4 46. Re2 Be3 47. Rbb2 Qxe4 48. Kd1 Qd3+ 49. Bd2 Bd4 0-1

[Event "BCF-chT 2122 (4NCL)"]
[Site "England"]
[Date "2022.02.13"]
[Round "4.81"]
[White "Harakis, Alexis"]
[Black "Tanmay, Chopra"]
[Result "1-0"]
[WhiteElo "2264"]
[BlackElo "2313"]
[PlyCount "55"]
[EventDate "2021.11.27"]
[EventType "team-swiss"]
[EventRounds "11"]
[EventCountry "ENG"]
[SourceTitle "EXT 2023"]
[Source "ChessBase"]
[SourceDate "2022.10.05"]
[SourceVersion "1"]
[SourceVersionDate "2022.10.05"]
[SourceQuality "1"]
[WhiteTeam "KJCA Kings"]
[BlackTeam "Cambridge University"]
[WhiteTeamCountry "ENG"]
[BlackTeamCountry "ENG"]

1. d4 d5 2. c4 e6 3. Nc3 Nf6 4. cxd5 exd5 5. Bg5 Be7 6. e3 c6 7. Bd3 h6 8. Bf4 0-0 9. Nf3 Nbd7 10. h3 c5 11. 0-0 Re8 12. Nb5 Nf8 13. Nc7 Bd7 14. Nxa8 Qxa8 15. dxc5 Bxc5 16. Rc1 Ne6 17. Be5 Qd8 18. Nd4 Bxd4 19. exd4 Ng5 20. Re1 Bc6 21. Bxf6 Rxe1+ 22. Qxe1 Qxf6 23. Qe5 Qd8 24. b4 Ne6 25. b5 Be8 26. a4 Kf8 27. Bf5 Ng5 28. Rc8 1-0

[Event "Sitges Sunway op 8th"]
[Site "Sitges"]
[Date "2021.12.21"]
[Round "8"]
[White "Tanmay, Chopra"]
[Black "Domingo Nunez, Ruben"]
[Result "1/2-1/2"]
[WhiteElo "2221"]
[BlackElo "2395"]
[PlyCount "233"]
[EventDate "2021.12.13"]
[EventType "swiss"]
[EventRounds "10"]
[EventCountry "ESP"]
[SourceTitle "CBM 205 Extra"]
[Source "ChessBase"]
[SourceDate "2022.01.31"]
[SourceVersion "1"]
[SourceVersionDate "2022.01.31"]
[SourceQuality "1"]

1. d4 e6 2. c4 b6 3. Nc3 Bb4 4. Nf3 Bb7 5. e3 f5 6. Bd2 Nf6 7. Bd3 a5 8. a3 Bxc3 9. Bxc3 Ne4 10. 0-0 0-0 11. Be1 Ng5 12. Nxg5 Qxg5 13. g3 d6 14. f4 Qe7 15. Qc2 Nd7 16. e4 fxe4 17. Bxe4 Bxe4 18. Qxe4 Nf6 19. Qe2 Rfe8 20. Rc1 d5 21. Qe5 dxc4 22. Rxc4 Nd5 23. Bd2 Rad8 24. Rfc1 Qf6 25. Re1 Qxe5 26. fxe5 Rf8 27. Rc6 Rde8 28. Rf1 Rf7 29. b3 Ref8 30. Rxf7 Kxf7 31. Kf2 Ke7+ 32. Ke2 Kd7 33. Rc4 h6 34. Rc1 Rf5 35. h3 Rf8 36. Rg1 Ra8 37. a4 Rb8 38. Ra1 Rf8 39. Rc1 Rf7 40. Rg1 Rf8 41. Rc1 Rf7 42. Rg1 Ne7 43. Be3 Nc6 44. Kd3 Rf8 45. Ke4 Ne7 46. Rc1 c6 47. Rg1 Nd5 48. Rc1 b5 49. h4 Rb8 50. Bd2 bxa4 51. bxa4 Rb3 52. Rc5 Kc7 53. Bxa5+ Kb7 54. Bd2 Rxg3 55. a5 Nc7 56. Rc1 Rg4+ 57. Kd3 Rxh4 58. Rf1 Nb5 59. Rf7+ Ka6 60. Be3 Rg4 61. Re7 Rg6 62. Bd2 h5 63. Be1 Rg1 64. Bf2 Rg2 65. Be1 Rg1 66. Bf2 Rd1+ 67. Ke2 Nc3+ 68. Kf3 Rd3+ 69. Kg2 Ne4 70. Bg1 Rg3+ 71. Kh2 Rg6 72. Rc7 Kxa5 73. Rxc6 Nd2 74. Bf2 Nf3+ 75. Kh3 Rg4 76. Rd6 Kb5 77. d5 exd5 78. Rxd5+ Kc4 79. Ra5 Ng5+ 80. Kh2 Nf3+ 81. Kh3 Kb4 82. Rd5 Re4 83. e6 g6 84. Kg3 Nh4 85. Rd4+ Rxd4 86. Bxd4 Nf5+ 87. Kh3 Kc4 88. Bf6 Kd5 89. e7 Nd6 90. Kh4 Ke6 91. Kg5 Kf7 92. Bb2 Ne4+ 93. Kh6 Nd6 94. Kg5 Ne8 95. Be5 h4 96. Kxh4 Kxe7 97. Kg4 Ke6 98. Kg5 Kf7 99. Kg4 Nf6+ 100. Bxf6 Kxf6 101. Kf4 g5+ 102. Kg4 Kg6 103. Kg3 Kf5 104. Kf3 Ke5 105. Kg4 Kf6 106. Kg3 Kf5 107. Kf3 g4+ 108. Kg3 Kg5 109. Kg2 Kf4 110. Kf2 g3+ 111. Kg2 Kg4 112. Kg1 Kf5 113. Kg2 Kf4 114. Kg1 Kf3 115. Kf1 g2+ 116. Kg1 Ke2 117. Kxg2 1/2-1/2

[Event "Sitges Sunway op 8th"]
[Site "Sitges"]
[Date "2021.12.16"]
[Round "4"]
[White "Tanmay, Chopra"]
[Black "Fernandez Guillen, Ernesto J"]
[Result "1/2-1/2"]
[WhiteElo "2221"]
[BlackElo "2411"]
[PlyCount "102"]
[EventDate "2021.12.13"]
[EventType "swiss"]
[EventRounds "10"]
[EventCountry "ESP"]
[SourceTitle "CBM 205 Extra"]
[Source "ChessBase"]
[SourceDate "2022.01.31"]
[SourceVersion "1"]
[SourceVersionDate "2022.01.31"]
[SourceQuality "1"]

1. d4 Nf6 2. c4 g6 3. Nc3 d5 4. cxd5 Nxd5 5. e4 Nxc3 6. bxc3 Bg7 7. Nf3 c5 8. Rb1 0-0 9. Be2 Nc6 10. d5 Bxc3+ 11. Bd2 Bxd2+ 12. Qxd2 Nd4 13. Nxd4 cxd4 14. Qxd4 e6 15. d6 Qa5+ 16. Qd2 Qxd2+ 17. Kxd2 e5 18. Ke3 Rd8 19. Rhd1 b6 20. Rb5 f6 21. Rb2 Be6 22. Ba6 Rd7 23. Rc2 Bf7 24. Bc8 Rd8 25. Bh3 b5 26. Rc5 Rab8 27. d7 Kf8 28. Rd6 Ke7 29. Ra6 Rb7 30. Rc8 Rb6 31. Rxb6 axb6 32. a3 Bb3 33. Kd2 b4 34. axb4 Ba4 35. Rc7 Bxd7 36. Ke3 Kd6 37. Ra7 Bxh3 38. gxh3 Rd7 39. Rxd7+ Kxd7 40. Kd3 Kc6 41. Kc4 f5 42. f3 fxe4 43. fxe4 g5 44. b5+ Kd6 45. Kb4 Ke7 46. Kc3 Kf6 47. Kc4 Ke6 48. Kd3 h5 49. Kc3 g4 50. h4 Kd6 51. Kc4 Ke6 1/2-1/2

[Event "UK Challenge Terafinal U18"]
[Site "Blenheim"]
[Date "2021.10.09"]
[Round "6"]
[White "Dicen, Imogen"]
[Black "Tanmay, Chopra"]
[Result "0-1"]
[WhiteElo "1561"]
[BlackElo "1851"]
[PlyCount "102"]
[EventDate "2021.10.09"]
[EventType "tourn (rapid)"]
[EventRounds "11"]
[EventCountry "ENG"]
[SourceTitle "EXT 2023"]
[Source "ChessBase"]
[SourceDate "2022.10.05"]
[SourceVersion "1"]
[SourceVersionDate "2022.10.05"]
[SourceQuality "1"]

1. e4 c5 2. Nc3 a6 3. g3 b5 4. Bg2 Bb7 5. a3 e6 6. Nge2 Nf6 7. d3 Be7 8. 0-0 d5 9. f4 b4 10. axb4 cxb4 11. e5 bxc3 12. exf6 cxb2 13. Bxb2 Bxf6 14. d4 0-0 15. f5 Nc6 16. Bc3 e5 17. dxe5 Nxe5 18. Nf4 Rc8 19. Bd4 Ng4 20. c3 Bxd4+ 21. Qxd4 Rc4 22. Qd2 Qb6+ 23. Kh1 Qe3 24. Qxe3 Nxe3 25. Rfb1 Nxg2 26. Nxg2 Bc6 27. Rxa6 Rxc3 28. Kg1 d4 29. Rd1 Rd8 30. Nf4 Rc2 31. Rb6 h6 32. h4 Bf3 33. Rf1 d3 34. Rbb1 Bg4 35. Ng2 Bh3 36. Rf2 d2 37. Rd1 Bg4 38. Ne3 Bxd1 39. Nxd1 Re8 40. Rf1 Re2 41. g4 f6 42. g5 fxg5 43. hxg5 hxg5 44. Kh1 Rc1 45. Kg1 Rxd1 46. Rxd1 Re1+ 47. Rxe1 dxe1Q+ 48. Kg2 Kf7 49. Kh3 Kf6 50. Kg4 Qe3 51. Kh5 Qh3# 0-1

[Event "UK Challenge Terafinal U18"]
[Site "Blenheim"]
[Date "2021.10.09"]
[Round "2"]
[White "Stoyanov, Viktor"]
[Black "Tanmay, Chopra"]
[Result "0-1"]
[WhiteElo "2050"]
[BlackElo "1851"]
[PlyCount "78"]
[EventDate "2021.10.09"]
[EventType "tourn (rapid)"]
[EventRounds "11"]
[EventCountry "ENG"]
[SourceTitle "EXT 2023"]
[Source "ChessBase"]
[SourceDate "2022.10.05"]
[SourceVersion "1"]
[SourceVersionDate "2022.10.05"]
[SourceQuality "1"]

1. Nf3 Nf6 2. d4 d5 3. c4 e6 4. g3 Bb4+ 5. Bd2 Be7 6. Bg2 0-0 7. 0-0 c6 8. Qc2 b6 9. Rd1 Bb7 10. Bf4 Nbd7 11. b3 Rc8 12. Nc3 Nh5 13. Bc1 f5 14. a4 a5 15. Qd2 Ba6 16. Qe3 Rf6 17. cxd5 cxd5 18. Bb2 f4 19. Qd2 fxg3 20. hxg3 Qf8 21. Qe3 Rg6 22. Rac1 Qf5 23. Nb5 Rc2 24. Ba1 Bxb5 25. axb5 Ba3 26. Nh4 Bxc1 27. Rxc1 Rxc1+ 28. Qxc1 Qg4 29. Nxg6 Qxg6 30. Qc6 Qb1+ 31. Kh2 Nf8 32. Qc3 Nf6 33. Bf3 Qf1 34. Bb2 Qxf2+ 35. Kh3 g5 36. Qd2 g4+ 37. Bxg4 Qf1+ 38. Kh4 Ng6+ 39. Kg5 Ne4+ 0-1